000 00385nam a2200169Ia 4500
008 210210b1957 xxu||||| |||| 00| 0 eng d
041 _aeng
082 _a535/82
100 _aLAVER (F J M)
245 _aElectric power
260 _aLondon
_bOxford University Press
_c1957
300 _a88
650 _apower
650 _aElectric
690 _aElectricity
906 _a008700
999 _c127510
_d127510